书目信息 |
| 题名: |
新编高等数学阶梯同步练习与辅导
|
|
| 作者: | 陈春宝 , 沈家骅 编著 | |
| 分册: | ||
| 出版信息: | 上海 同济大学出版社 2007.09 |
|
| 页数: | 414页 | |
| 开本: | 23cm | |
| 丛书名: | ||
| 单 册: | ||
| 中图分类: | O13 | |
| 科图分类: | ||
| 主题词: | 高等数学--gao deng shu xue--高等学校--教学参考资料 | |
| 电子资源: | ||
| ISBN: | 978-7-5608-3585-3 | |
| 000 | 01018nam0 2200253 450 | |
| 001 | 012008267015 | |
| 005 | 20080508074532.46 | |
| 010 | @a978-7-5608-3585-3@dCNY39.00 | |
| 100 | @a20080507d2007 em y0chiy0120 ea | |
| 101 | 0 | @achi |
| 102 | @aCN@b310000 | |
| 105 | @aa z 000yy | |
| 106 | @ar | |
| 200 | 1 | @a新编高等数学阶梯同步练习与辅导@Axin bian gao deng shu xue jie ti tong bu lian xi yu fu dao@f陈春宝, 沈家骅编著@Fchen chun bao,shen jia hua bian zhu |
| 210 | @a上海@c同济大学出版社@d2007.09 | |
| 215 | @a414页@c图@d23cm | |
| 330 | @a本书配合同济大学《高等数学》(高教第四、五版)教材,根据教材顺序,以每次教学课为一个单元,将每章、节的知识点归纳集中在一起,与教材同步给出练习题。 | |
| 517 | 1 | @a高等数学阶梯同步练习与辅导@Agao deng shu xue jie ti tong bu lian xi yu fu dao |
| 606 | 0 | @a高等数学@Agao deng shu xue@x高等学校@j教学参考资料 |
| 690 | @aO13@v4 | |
| 701 | 0 | @a陈春宝@Achen chun bao@4编著 |
| 701 | 0 | @a沈家骅@Ashen jia hua@4编著 |
| 801 | 0 | @aCN@bQSSK@c20080508 |
| 905 | @b705435-37@dO13@eC380@f3 | |
| 新编高等数学阶梯同步练习与辅导/陈春宝, 沈家骅编著.-上海:同济大学出版社,2007.09 |
| 414页:图;23cm |
| ISBN 978-7-5608-3585-3:CNY39.00 |
| 本书配合同济大学《高等数学》(高教第四、五版)教材,根据教材顺序,以每次教学课为一个单元,将每章、节的知识点归纳集中在一起,与教材同步给出练习题。 |
| ● |
| 相关链接 |
|
|
|
正题名:新编高等数学阶梯同步练习与辅导
索取号:O13/C380
 
预约/预借
| 序号 | 登录号 | 条形码 | 馆藏地/架位号 | 状态 | 备注 |
| 1 | 705435 | 207054355 | 自科库401/401自科库 106排1列4层/ [索取号:O13/C380] | 在馆 | |
| 2 | 705436 | 207054364 | 自科库401/401自科库 106排1列4层/ [索取号:O13/C380] | 在馆 | |
| 3 | 705437 | 207054373 | 自科库401/401自科库 106排1列4层/ [索取号:O13/C380] | 在馆 |